00675nam a2200193Ia 4500003000900000008004100009020001800050040001600068080002300084245013300107260003700240300001500277490005100292650004100343650003000384650002000414700002400434700002300458IN-BaIIA211028s9999 xx 000 0 eng d a0-7923-1247-3 cIIA Library a52(082.1)bASS-171 0aDatabases and on-line data in astronomycedited by Miguel A. Albrecht and Daniel Egret  aDordrechtbKluwer Academicc1991 axiv, 273p. aAstrophysics and Space Science Library; v. 171 aAstronomy and Astrophysics Thesaurus aAstronomy-Data processing aData processing aAlbrecht, Miguel A. aEgret, Daniel, ed.